000 01379nam a2200349 i 4500
001 000012784
003 OSt
005 20231023112822.0
007 ta
008 150130s1996 dr ac 000 0 spa d
040 _aDO-SdBNP
_bspa
_cBNPHU
_erda
082 0 _a371.0712
_bC183f
_222
100 _aRosa de Castillo, Mercy de la,
_eautor
_929576
245 0 0 _aCaminando con Jesus :
_bformación integral, humana y religiosa 7 : educación básica /
_cMercy de la Rosa de Castillo , Casilda Barias de Jiménez , Freddy Antonio Garcia A., Salvador Valerio Pérez
264 _aSanto Domingo :
_bSusaeta,
_c1996.
300 _a135 paginas :
_bilustraciones, ;
_c25 cm.
336 _2rdacontent
_atexto
_btxt
337 _2rdamedia
_asin mediación
_bn
338 _2rdacarrier
_avolumen
_bnc
590 _aInventariado, 2023 / DG
650 4 _aEducación religiosa
_976954
_zRepública Dominicana
650 4 _aRepública Dominicana
_zRepública Dominicana
_99306
650 4 _aEducación religiosa
_xEnseñanza elemental
_976955
650 4 _aEducación religiosa
_xLibros texto
_976956
700 1 _aRosa de Castillo, Mercy de la
_929576
700 1 _aBarías de Jiménez, Casilda
_929577
700 1 _aGarcía A., Freddy Antonio
_929578
700 1 _aValerio Pérez, Salvador
_929579
700 1 _aMartínez, Julio César
_eilustrador
_91263
910 _aDG
942 _2ddc
_cLBS1
999 _c55245
_d55245